000 00886cam a2200289 i 4500
001 41479
003 Mx-PuUPA
005 20241113103550.0
008 140415s2017 mx gr 000 0 spa d
020 _a9786071731470
040 _aMx-PuUPA
_bspa
_cMx-PuUPA
_dMx-PuUPA
_erda
041 _aspa
100 1 _aCortés Rodríguez, Enrique
245 1 0 _aCómo defenderse ante el instituto mexicano del seguro social
250 _aPrimera edición /
_bagosto
264 1 _aCiudad de México :
_bEditorial Trillas,
_c©2017
300 _a88 páginas ;
_c23 cm
336 _2rdacontent
_atexto
_btxt
337 _2rdamedia
_asin medio
_bn
338 _2rdacarrier
_avolumen
_bnc
650 7 _2armarc
_a
_913986
700 1 _a
_e
942 _2ddc
_cLI
_hxx
_ixx
_n
999 _c41479
_d41479